Представление документа в формате MARC21

Поле Инд. ПП Название Значение
Тип записи a
Библиографический уровень m
001 Контрольный номер RU/IS/BASE/164389136
005 Дата корректировки 20221221120829.2
040 b Код языка каталог. rus
041 0_ a Код языка текста rus
080 00 a Индекс УДК 004.42
084 a Индекс другой классификации/Индекс ББК 32.973.202
090 00 a Полочн. индекс 681.3
x Авторский знак Ф91
097 b Оператор 11
100 10 a Автор Фролов А. В.
245 00 a Заглавие Разработка приложений для Internet. Microsoft Visual C++ и MFC. В среде Windows 95 и Windows NT
c Ответственность под ред. О. А. Голубева
260 00 a Место издания М.
b Издательство Диалог-Мифи
c Дата издания 1997
300 00 a Объем 286 с.
510 0_ a Примечание о ссылках Книги и методические пособия
650 04 a Основная рубрика 50.41 Программное обеспечение вычислительных машин, комплексов и сетей
x Основная подрубрика 50.41.23 Программное обеспечение вычислительных сетей
653 00 a Ключевые слова интернет; вычислительные сети; программные приложения; microsoft; windows; Visual C++; среда программирования; MFC
700 10 a Другие авторы Фролов Г. В.
901 t Тип документа m